000 00546nam a2200229Ia 4500
001 52926
005 20240114005326.0
007 ta
008 101210s2006 g b000 u 465 u
040 _aCotton College
041 _a465
082 _a001.64
_bEFY
100 _aEFY, .
245 0 _aElectronic for you /
_cEFY.
_hTextual Documents
260 _aNew DElhi :
_bEFY ltd ,
_c2006.
653 _aCD-Electronics
942 _2ddc
_cBK
999 _c52889
_d52889